|
LDR
| 01540nam a2200433 a 4500 |
|---|
| 001 | 12345 |
|---|
| 003 | CZ-PrJAB |
|---|
| 005 | 20161129141655.0 |
|---|
| 007 | tu |
|---|
| 008 | 960826s1996 xr e 000 0dcze |
|---|
| 015 | | . |
‡acnb000137325 |
|---|
| 020 | | . |
‡a80-7192-063-0
‡q(brož.) :
‡cKč 100,00 |
|---|
| 035 | | . |
‡a(CZ PrNK)cpk19960137325 |
|---|
| 035 | | . |
‡a(OCoLC)38296347 |
|---|
| 040 | | . |
‡aABA001
‡bcze |
|---|
| 041 | 1 | . |
‡acze
‡hfre |
|---|
| 045 | | . |
‡au7x9 |
|---|
| 072 | | 7. |
‡a27-5
‡xLiturgie. Křesťanské umění a symbolika. Duchovní život
‡2Konspekt
‡95 |
|---|
| 080 | | . |
‡a272-532.3/.4
‡2MRF |
|---|
| 080 | | . |
‡a27-31-138-526.7
‡2MRF |
|---|
| 080 | | . |
‡a272-587
‡2MRF |
|---|
| 080 | | . |
‡a(049)
‡2MRF |
|---|
| 100 | 1 | . |
‡aLadame, Jean,
‡d1918-2000
‡7uk2010485720
‡4aut |
|---|
| 240 | 1 | 0. |
‡aCe Coeur si passionné-.
‡lČesky |
|---|
| 245 | 1 | 0. |
‡aSrdce Ježíšovo, srdce plné lásky :
‡bo pravém smyslu pobožnosti Srdce Ježíšova /
‡cJean Ladame ; [z francouzštiny přeložila Helena Webrová] |
|---|
| 250 | | . |
‡aVyd. 1. |
|---|
| 260 | | . |
‡aKostelní Vydří :
‡bKarmelitánské nakladatelství,
‡c1996 |
|---|
| 300 | | . |
‡a167 s. ;
‡c20 cm |
|---|
| 500 | | . |
‡a5000 výt. |
|---|
| 500 | | . |
‡aPředml. Henri Holstein |
|---|
| 648 | | 7. |
‡a17.-20. století
‡7ch757026
‡2czenas |
|---|
| 650 | 0 | 7. |
‡akatolické pobožnosti
‡7ph121534
‡y17.-20. století
‡2czenas |
|---|
| 650 | 0 | 7. |
‡aSrdce Ježíše
‡7ph118099
‡2czenas |
|---|
| 650 | 0 | 7. |
‡akatolická mystika
‡7ph121530
‡y17.-20. století
‡2czenas |
|---|
| 655 | | 7. |
‡apojednání
‡7fd133056
‡2czenas |
|---|
| 700 | 1 | . |
‡aWebrová, Helena
‡7jx20050627044
‡4trl |
|---|
| 700 | 1 | . |
‡aHolstein, Henri
‡4aui |
|---|
| 910 | | . |
‡aABG312 |
|---|
| 901 | | . |
‡a12345
‡bUnknown
‡c12345
‡tbiblio |
|---|